000
00350nam a2200157Ia 4500
100
_a
Alavala/Chennakesava R
650
_a
Networks
942
_c
BK
366
_f
17.5
654
_a
fuzzy
245
_a
Fuzzy logic and neural networks
260
_b
New Age Int (P) Ltd
_a
New Delhi
_c
2008
082
_b
ALA
300
_a
257
546
_a
ENGLISH
999
_c
31504
_d
31504